Movies Quiz

Random Movies or Minefield Quiz

Click or Be Killed!!! Quiz Stats

 Plays Quiz Updated May 8, 2017

Support Sporcle.
Go Orange.
Score 0/30 Timer 08:00
3 Plays Today
% Correct
???
97.9%
???
93.3%
???
73.5%
???
70%
???
67.1%
???
65.1%
???
64%
???
58.1%
???
48%
???
46.2%
???
45.7%
???
45.5%
???
43.3%
???
38.1%
???
38%
% Correct
???
28.6%
???
27.5%
???
26.3%
???
25.5%
???
23.9%
???
23.1%
???
23%
???
18.1%
???
18%
???
17.7%
???
17%
???
11.3%
???
10.3%
???
8.4%
???
8.3%

You're not logged in!

Compare scores with friends on all Sporcle quizzes.
OR
Log In
Forgot?

From the Vault

Mini Nurikabe Puzzle XVIII

by sproutcm

Smaller doesn't mean easier, though.
Remove Ads.
Support Sporcle.
Get the best of Sporcle when you Go Orange. This ad-free experience offers more features, more stats, and more fun while also helping to support Sporcle. Thank you for becoming a member.

Show Comments

Extras

Top Quizzes Today


Score Distribution

Your Account Isn't Verified!

In order to create a playlist on Sporcle, you need to verify the email address you used during registration. Go to your Sporcle Settings to finish the process.

Report this User

Report this user for behavior that violates our Community Guidelines.

Details: